000 01149nam a22003377a 4500
003 CHAP
005 20220329141016.0
008 971013s1996 r 00010 d
010 _a61239
011 _a62211
035 _a66385
040 _cCHAP
090 _aTesis
100 0 0 _aGranados Azpeitia, Valente.
_950343
245 1 _aEvaluación de sustratos para la producción de pepino (Cucumis sativum L.) en hidroponia bajo condiciones de invernadero
260 _aChapingo, Méx. :
_bEl autor,
_c1989.
300 _a50 h.
502 _aTesis (Ing. Agr. Esp. en Fitotecnia) -- UACH. Departamento de Fitotecnia
590 _aALEPH
_b10
_c20130110
_lUCH01
_h1341
590 _aBATCH-UPD
_b10
_c20130110
_lUCH01
_h0739
590 _aBATCH-UPD
_b10
_c20130914
_lUCH01
_h1129
590 _aCONVERSION
_b10
_c20130109
_lUCH01
_h1333
650 1 4 _aCultivos en invernadero.
_930376
650 1 4 _aHidroponía.
_955280
650 1 4 _aPepino
_xRendimiento.
_986928
650 1 4 _aSustratos.
_9110789
901 _aBK
942 _cFOLL
949 _bBC
_cTES
_d-151567
_eTS1
_h29452
_i66385
_si
949 _bBC
_cTES
_d33724000620910
_eTS2
_fc.2
_h29453
_i66385
_si
999 _c61239
_d61239